Zhodnocení a řízení rizika
Ako každá obchodná činnosť aj rôznorodé aktivity bánk sú vystavené množstvu rizík (obchodné, úverové). Úspešné banky sú schopné tieto riziká identifikovať, obmedziť a riadiť. Vedľa riadenia rizika sa sleduje aj riziko spojené s portfoliom. Vzťahy medzi klientom a bankou.
Guardado en:
| Autor principal: | |
|---|---|
| Formato: | Capítulo de libro |
| Lenguaje: | checo |
| Materias: | |
| Etiquetas: |
Sin Etiquetas, Sea el primero en etiquetar este registro!
|
MARC
| LEADER | 00000naa a2200000 4500 | ||
|---|---|---|---|
| 001 | r024065 | ||
| 005 | 20221213081816.1 | ||
| 041 | 0 | |a cze | |
| 044 | |a CZ | ||
| 245 | 1 | 0 | |a Zhodnocení a řízení rizika |c K. Swoboda |
| 520 | |a Ako každá obchodná činnosť aj rôznorodé aktivity bánk sú vystavené množstvu rizík (obchodné, úverové). Úspešné banky sú schopné tieto riziká identifikovať, obmedziť a riadiť. Vedľa riadenia rizika sa sleduje aj riziko spojené s portfoliom. Vzťahy medzi klientom a bankou. | ||
| 610 | 2 | 0 | |a banky |
| 610 | 2 | 0 | |a riziko |
| 610 | 2 | 0 | |a risk management |
| 610 | 2 | 0 | |a zákazníci |
| 610 | 2 | 0 | |a portfólio |
| 610 | 2 | 0 | |a úver bankový |
| 610 | 2 | 0 | |a dlžníci |
| 100 | 1 | |a Swoboda, K. | |